000 00445nam a2200157Ia 4500
008 240729s9999 xx 000 0 und d
022 _a2008-4447
245 0 _aIranian Journal of Microbiology
260 _aIran, Islamic Republic of
260 _bTehran University of Medical Sciences
650 _a Microbiology
650 _aScience
856 _uhttps://doaj.org/toc/6d5238fa7c9844469cc443675904ca2c
942 _2ddc
942 _cDOAJEJ
999 _c66476
_d66476
945 _a1
_bMadushi Gamage
_c1
_dMadushi Gamage